000
00316nam a2200121Ia 4500
005
20251222154327.0
008
251222s9999||||xx |||||||||||||| ||spa||
020
_a
9972-34-280-8
082
_a
658.404/A52
100
_a
"Amaya Pingo, Pedro Manuel"
245
0
_a
DiseƱo de proyectos de desarrollo local
942
_c
LIB
999
_c
33992
_d
33992